[Event "BEL-chT 1718"]
[Site "Belgium"]
[Date "2018.03.25"]
[Round "9.7"]
[White "Boucquet, Emile"]
[Black "Goormachtigh, Johan"]
[Result "1-0"]
[WhiteElo "2160"]
[BlackElo "2143"]
[PlyCount "81"]
[EventDate "2017.09.24"]
[EventType "team-tourn"]
[EventRounds "11"]
[EventCountry "BEL"]
[SourceTitle "EXT 2019"]
[Source "ChessBase"]
[SourceDate "2018.10.10"]
[SourceVersion "1"]
[SourceVersionDate "2018.10.10"]
[SourceQuality "1"]
[WhiteTeam "KBSK Brugge"]
[BlackTeam "KGSRL"]
[WhiteTeamCountry "BEL"]
[BlackTeamCountry "BEL"]

1. e4 c5 2. d4 cxd4 3. c3 dxc3 4. Nxc3 Nc6 5. Nf3 e6 6. Bc4 a6 7. 0-0 b5 8. Bb3 Na5 9. Ng5 f6 10. Nf7 Kxf7 11. Bxe6+ Kxe6 12. Qd5+ Ke7 13. Qxa8 Bb7 14. Qa7 Qa8 15. Qd4 Ke8 16. Bf4 Nc6 17. Qb6 Nge7 18. Nd5 Nxd5 19. exd5 Ne5 20. Bxe5 fxe5 21. d6 Bxg2 22. Rfe1 Bh3 23. f3 Qxf3 24. Qb8+ Kf7 25. Rf1 Bxf1 26. Rxf1 Qxf1+ 27. Kxf1 Ke6 28. Ke2 h5 29. Kd3 Kd5 30. Qb7+ Ke6 31. Qa8 g5 32. Ke4 Bg7 33. Qd5+ Kf6 34. Qxe5+ Kf7 35. Qf5+ Bf6 36. Qxd7+ Kg6 37. b3 Rd8 38. Qf5+ Kg7 39. Qe6 Kg6 40. d7 a5 41. Qe8+ 1-0

[Event "Lisbon Portugal op"]
[Site "Lisbon"]
[Date "2018.02.03"]
[Round "1"]
[White "Boucquet, Emile"]
[Black "Dias, Jose Oliveira Gaspa"]
[Result "1-0"]
[WhiteElo "2183"]
[BlackElo "1660"]
[PlyCount "87"]
[EventDate "2018.02.03"]
[EventType "swiss"]
[EventRounds "9"]
[EventCountry "POR"]
[SourceTitle "EXT 2019"]
[Source "ChessBase"]
[SourceDate "2018.10.10"]
[SourceVersion "1"]
[SourceVersionDate "2018.10.10"]
[SourceQuality "1"]

1. e4 d5 2. d4 dxe4 3. Nc3 Nf6 4. f3 exf3 5. Nxf3 a6 6. Bc4 e6 7. 0-0 Be7 8. Bg5 0-0 9. Qe1 b5 10. Bd3 Bb7 11. Qh4 Nbd7 12. Bxh7+ Nxh7 13. Bxe7 Qc8 14. Bxf8 Ndxf8 15. Rae1 c5 16. Ne4 cxd4 17. Nd6 Qc7 18. Nxb7 Qxb7 19. Qxd4 Qc7 20. Ne5 f6 21. Nd3 Rd8 22. Qc5 Qb7 23. Rf2 Ng5 24. Qe3 Rd5 25. Nc5 Qc6 26. b4 a5 27. a3 axb4 28. axb4 e5 29. Ra1 Rd4 30. c3 Rc4 31. Ra6 Qc8 32. Rd6 Nf7 33. Rb6 Qa8 34. Rxb5 Qa1+ 35. Rf1 Qxc3 36. Qxc3 Rxc3 37. Rb8 Ng5 38. Nd7 Ngh7 39. Nxf8 Nxf8 40. Ra1 Rc7 41. Raa8 Rf7 42. h4 g5 43. h5 Kg7 44. Rxf8 1-0

[Event "BEL-ch U20"]
[Site "Blankenberge"]
[Date "2017.04.15"]
[Round "9"]
[White "De Vleeschauwer, Maarten"]
[Black "Boucquet, Emile"]
[Result "1-0"]
[WhiteElo "2077"]
[BlackElo "2186"]
[PlyCount "39"]
[EventDate "2017.04.09"]
[EventType "swiss"]
[EventRounds "9"]
[EventCountry "BEL"]
[SourceTitle "CBM 178 Extra"]
[Source "ChessBase"]
[SourceDate "2017.06.22"]
[SourceVersion "1"]
[SourceVersionDate "2017.06.22"]
[SourceQuality "1"]

1. e4 c5 2. d4 cxd4 3. c3 dxc3 4. Nxc3 Nc6 5. Nf3 d6 6. Bc4 a6 7. 0-0 Nf6 8. h3 e6 9. Qe2 Be7 10. Rd1 Qc7 11. Bf4 e5 12. Be3 Be6 13. Bxe6 fxe6 14. Ng5 Qd7 15. Na4 Nd4 16. Rxd4 exd4 17. Nb6 Qd8 18. Bxd4 e5 19. Qc4 Nd5 20. Qa4+ 1-0

[Event "BEL-ch U20"]
[Site "Blankenberge"]
[Date "2017.04.13"]
[Round "7"]
[White "Boucquet, Emile"]
[Black "Terryn, Ezra"]
[Result "0-1"]
[WhiteElo "2186"]
[BlackElo "1970"]
[PlyCount "68"]
[EventDate "2017.04.09"]
[EventType "swiss"]
[EventRounds "9"]
[EventCountry "BEL"]
[SourceTitle "CBM 178 Extra"]
[Source "ChessBase"]
[SourceDate "2017.06.22"]
[SourceVersion "1"]
[SourceVersionDate "2017.06.22"]
[SourceQuality "1"]

1. f4 d5 2. g3 Nf6 3. Nf3 c6 4. Bg2 e6 5. 0-0 Be7 6. b3 0-0 7. Bb2 Nbd7 8. e3 Qc7 9. Ne5 Bd6 10. Nxd7 Nxd7 11. d4 a5 12. e4 a4 13. c4 dxe4 14. Bxe4 Nf6 15. Bc2 a3 16. Bc3 Be7 17. Qd3 Rd8 18. Nd2 b5 19. g4 b4 20. g5 bxc3 21. gxf6 Bxf6 22. Qxh7+ Kf8 23. Nf3 Qxf4 24. Kh1 Qh6 25. Qe4 Bb7 26. c5 Rd5 27. Qe1 Bxd4 28. Nxd4 Rxd4 29. Qxc3 Rd2 30. h3 Rad8 31. Qf3 f6 32. Rad1 Ba6 33. Rxd2 Rxd2 34. Rc1 Rd3 0-1